02278nam a2200253Ia 4500003000400000005001700004008004100021020001800062040002100080041000800101082002300109100003400132245022800166260006300394300007700457490002900534500006800563504003800631505043000669520081201099650003601911650003901947700003801986OSt20211104125011.0210310s2012 sp ad fr 000 0dspa d a9788415538677 aCO-JMCRcCO-JMCR0 aspa04a338.9 /bW344d2231 aWilliamson, Jeffrey G.eautor13aEl desarrollo económico mundial en prospectiva histórica : bcinco siglos de revoluciones industriales, globalización y desigualdad / cJeffrey G. Williamson ; Santiago Colmenares, traductor y coordinador científico aZaragoza : bPrensas de la Universidad de Zaragoza, c2012 a645 páginas : bilustraciones y gráficas a blanco y negro ; c21 cm.0 aCiencias sociales ; v88 aIncluye notas a pie de página y datos biográficos de autor. aBibliografía: páginas 569-6280 aLa primera revolución industrial: debate y evidencias empíricas -- Transacciones demográficas y revoluciones industriales -- ¿Genera la globalización una desigualdad mayor? -- Globalización: Evolución y políticas. Del mercantilismo al primer siglo global -- La globalización en la periferia: desindustrialización y protección -- El surgimiento del mercado mundial de factores: fuerza de trabajo y capital3 aciencia Sociales ¿POR QUÉ HA CRECIDO EL COMERCIO MUNDIAL? ¿Desde hace cuánto vivimos en un mundo globali zado? ¿Por qué los primeros países en industrializar se fueron también pioneros en la emigración masiva de sus poblaciones? ¿Por qué la revolución industrial tardó tanto en llegar a varios puntos del planeta? El presente libro recoge las aportaciones de Jeffrey G. Williamson a los temas más relevantes para comprender el desarrollo económico en los últimos quinientos años. Williamson, uno de los historiadores más prolíficos de la actualidad, es el referente principal para la historiografía económica neoclásica. Los trabajos aquí reunidos se basan en un minucioso análisis de nuevos datos empíricos, fruto de más de veinte años de investigación.14aDesarrollo económico y social24aHistoria económicaySiglo XVI-XX1 aColmenares, Santiago, etraductor